Is Financial Capability Related to the Effective Use of Debt in Australia? (Record no. 307699)
[ view plain ]
| 000 -LEADER | |
|---|---|
| fixed length control field | 00379nam a2200109Ia 4500 |
| 008 - FIXED-LENGTH DATA ELEMENTS--GENERAL INFORMATION | |
| fixed length control field | 170221s9999 xx 000 0 und d |
| 100 ## - MAIN ENTRY--PERSONAL NAME | |
| Personal name | Sanja Ajzerle |
| 245 ## - TITLE STATEMENT | |
| Title | Is Financial Capability Related to the Effective Use of Debt in Australia? |
| 245 ## - TITLE STATEMENT | |
| Statement of responsibility, etc | Sanja Ajzerle, Mark Brimble, and Brett Freudenberg |
| 650 ## - SUBJECT ADDED ENTRY--TOPICAL TERM | |
| General subdivision | Business |
| 856 ## - ELECTRONIC LOCATION AND ACCESS | |
| Uniform Resource Identifier | <a href="http://ro.uow.edu.au/aabfj/vol7/iss3/7/">http://ro.uow.edu.au/aabfj/vol7/iss3/7/</a> |
| Withdrawn status | Lost status | Damaged status | Home library | Current library | Date acquired | Total Checkouts | Date last seen | Price effective from | Koha item type |
|---|---|---|---|---|---|---|---|---|---|
| College Library | College Library | 02/21/2017 | 02/21/2017 | 02/21/2017 | Foreign e-journal articles |